02435nam a2200493Ia 4500001001200000003000800012006001900020007001500039008004100054020001500095020001800110020001800128040002100146035002100167050002300188245015200211246007700363246007800440260003800518300004100556490005200597500001800649500005900667500004800726500020500774504005300979533015201032650005801184650005001242650003701292650003701329650006101366650005901427655002901486700002701515710007501542710005401617710004701671710002201718710001701740830003901757856012601796999001901922ebr10478464CaPaEBRm u cr cn|||||||||101213s2011 cauab sb 000 0 eng d z0833050451 z9780833050458 z9780833051943 aCaPaEBRcCaPaEBR a(OCoLC)74675576614aUB803b.B28 2011eb04aThe battle behind the wireh[electronic resource] :bU.S. prisoner and detainee operations from World War II to Iraq /cCheryl Benard ... [et al.].30aUnited States prisoner and detainee operations from World War II to Iraq30aUnited States prisoner and detainee operations from World War two to Iraq aSanta Monica, CA. :bRAND,c2011. axxiv, 102 p. :bcol. ill., col. map.1 aRand Corporation monograph series ;vMG-934-OSD a"MG-934-OSD". a"Prepared for the Office of the Secretary of Defense." a"RAND National Defense Research Institute." a"This research was sponsored by the Office of the Secretary of Defense and conducted within the International Security and Defense Policy Center of the RAND National Defense Research Institute"--Pref. aIncludes bibliographical references (p. 97-102). aElectronic reproduction.bPalo Alto, Calif. :cebrary,d2013.nAvailable via World Wide Web.nAccess may be limited to ebrary affiliated libraries. 0aIraq War, 2003-2011xPrisoners and prisons, American. 0aKorean War, 1950-1953xPrisoners and prisons. 0aMilitary prisonszUnited States. 0aPrisoners of warzUnited States. 0aVietnam War, 1961-1975xPrisoners and prisons, American. 0aWorld War, 1939-1945xPrisoners and prisons, American. 7aElectronic books.2local1 aBenard, Cheryl,d1953-1 aUnited States.bDept. of Defense.bOffice of the Secretary of Defense.2 aInternational Security and Defense Policy Center.2 aNational Defense Research Institute (U.S.)2 aRand Corporation.2 aebrary, Inc. 0aRand Corporation monograph series.40uhttp://site.ebrary.com/lib/rucke/Doc?id=10478464zAn electronic book accessible through the World Wide Web; click to view c222915d222915